|
|
|
|
| LEADER |
00766nam a2200217 a 4500 |
| 001 |
GR-MES1864 |
| 008 |
991111s1992 nyu 000 b eng d |
| 020 |
|
|
|a 0070424403
|
| 040 |
|
|
|a GrPaTEI
|b gre
|c GR-PaULI
|
| 245 |
0 |
0 |
|a Industrial organizational psychology.
|
| 260 |
|
|
|a New York :
|b McGraw-Hill,
|c 1992
|
| 300 |
|
|
|a 674σελ. :
|b πιν.
|
| 650 |
|
4 |
|a Βιομηχανία
|
| 650 |
|
4 |
|a ΟΡΓΑΝΩΣΗ
|
| 650 |
|
4 |
|a Ψυχολογία
|
| 700 |
1 |
|
|a Miner, J.
|
| 710 |
0 |
|
|a McGraw-Hill
|
| 942 |
|
|
|2 ddc
|
| 952 |
|
|
|0 0
|1 0
|2 ddc
|4 0
|6 158_700000000000000_MIN
|7 0
|9 266154
|a MSLG
|b MSLG
|c BSC
|d 2021-01-17
|e 24
|f 1
|g 0.00
|l 0
|o 158.7 MIN
|p 2420000002548
|r 2021-01-17 00:00:00
|t 1
|w 2021-01-17
|y BK15
|x 19991111 0 1
|x GrPaTEI
|
| 971 |
|
|
|a .b25729081
|b 15-04-20
|c 13-09-16
|
| 999 |
|
|
|c 153053
|d 153053
|